| 000 | 01493nac a22003617a 4500 | ||
|---|---|---|---|
| 001 | BR8300621 | ||
| 003 | BR-BrBNA | ||
| 005 | 20240105115617.0 | ||
| 008 | 230509b bl.|||m| |||| 00| 0 por d | ||
| 040 |
_aBR-BrBNA _bpor _cBiblioteca Nacional de Agricultura |
||
| 072 | _aF60 | ||
| 090 | _a0336 BR8300621 | ||
| 100 | 1 | _aModesta, R.C.D. | |
| 100 | 1 | _aGarrutti, R.S. | |
| 110 | 1 |
_aCentro de Tecnologia Agricola e Alimentar, Rio de Janeiro, RJ (Brasil) _91664 |
|
| 245 | 1 | _aEstudo sensorial e nutricional de diferentes cultivares de soja de 6 regioes brasileiras, 1: estudo de absorcao de agua [Glycine max, Sao Paulo, Rio Grande do Sul, Parana, Goias, Minas Gerais, Mato Grosso do Sul, Brasil] | |
| 246 | 1 | _aSensorial and nutritional study of different soybean cultivars from six brazilian regions 1: water absorption study [Glycine max, Sao Paulo, Rio Grande do Sul, Parana, Goias, Minas Gerais, Mato Grosso do Sul, Brazil] | |
| 260 | 3 |
_aRio de Janeiro, RJ (Brasil): _c1982. |
|
| 300 | _a34 p. | ||
| 490 |
_aBoletim de Pesquisa - Centro de Tecnologia Agricola e Alimentar (Brazil) _vno. 2 _xISSN 0101-630X |
||
| 500 | _a10 illus.; 17 tables; 9 ref.; Summaries (En, Pt) | ||
| 650 | _aSOJA | ||
| 650 | _aAGUA | ||
| 650 | _aABSORCAO | ||
| 650 | _aSAO PAULO | ||
| 650 | _aRIO GRANDE DO SUL | ||
| 650 | _aPARANA | ||
| 650 | _aGOIAS | ||
| 650 | _aMINAS GERAIS | ||
| 650 | _aMATO GROSSO DO SUL | ||
| 909 |
_a202312 _bLúcia Elande _c55 _dLúcia Elande |
||
| 942 |
_2AGRIS _n0 _cMS |
||
| 999 |
_c275552 _d275552 |
||